Sports Quiz

Random Sports or Clickable Quiz

Kan du nævne alle engelske mestre? Quiz Stats

 Plays Quiz not verified by Sporcle

Score 0/27 Timer 10:00
0 Plays Today
% Correct
???
60.2%
???
38%
???
37.5%
???
37.2%
???
37%
???
37%
???
36.8%
???
36.7%
???
36.6%
???
36.5%
???
36.4%
???
36.2%
???
35.7%
???
34.9%
% Correct
???
30%
???
29.7%
???
29.3%
???
12.7%
???
12.3%
???
12.1%
???
11.8%
???
11.2%
???
10.7%
???
10.4%
???
10.3%
???
10.2%
???
10.1%

You're not logged in!

Compare scores with friends on all Sporcle quizzes.
OR
Log In

Show Comments

Extras

Created May 15, 2019ReportNominate
Tags:Clickable Quiz, alle, kan

Top Quizzes Today


Score Distribution

Your Account Isn't Verified!

In order to create a playlist on Sporcle, you need to verify the email address you used during registration. Go to your Sporcle Settings to finish the process.

Report this User

Report this user for behavior that violates our Community Guidelines.

Details: